Teología de la liberación: perspectivas
Gardado en:
| Autor Principal: | |
|---|---|
| Formato: | Libro |
| Idioma: | Lingua castelá |
| Publicado: |
Salamanca
Sígueme
1985
|
| Edición: | 12a. ed |
| Series: | Colección Verdad e Imagen, 30
|
| Subjects: | |
| Tags: |
Engadir etiqueta
Sen Etiquetas, Sexa o primeiro en etiquetar este rexistro!
|
MARC
| LEADER | 00000nam a2200000 a 4500 | ||
|---|---|---|---|
| 001 | UCW7938 | ||
| 003 | CL-VaPUC | ||
| 008 | 871006e19850000SP |||||||||||||||||spa|d | ||
| 020 | |a 8430104828 | ||
| 082 | 0 | 4 | |a 261.8 |b GUT |2 21 |
| 100 | |a Gutiérrez Merino, Gustavo |e author |9 480704 | ||
| 245 | 1 | 0 | |a Teología de la liberación: perspectivas |
| 250 | |a 12a. ed | ||
| 300 | |a 399 p | ||
| 942 | |c BK | ||
| 945 | |d 19871006 00:00:00 | ||
| 260 | |a Salamanca |b Sígueme |c 1985 | ||
| 650 | 0 | |a Teología de la liberación |9 255471 | |
| 583 | |a last modification |c 19871006 00:00:00 |k Rodrigo Vera | ||
| 490 | 0 | |a Colección Verdad e Imagen, 30 | |
| 999 | |c 220514 |d 220512 | ||
| 952 | |0 0 |1 0 |4 0 |6 261_800000000000000_GUT_1985 |7 0 |8 A |9 212840 |a BIBTEO |b BIBTEO |d 2019-11-15 |i 2810840 |l 2 |o 261.8 GUT 1985 |p 2810840 |r 2025-01-17 |s 2022-04-20 |w 2019-11-15 |y BK |k ICR | ||